000 00217 a2200097 4500
001 25943
100 _aASM
245 _aHot corrosion problem associated with gas turbine
260 _a
_bASM
_c
090 _c17546
_d17546
942 _aNUST-CAE
_cM
_c8387
999 _c261016
_d261016